00800nam a2200217Ia 4500008004100000020001500041040001800056041000800074110007100082245014200153260003900295300002500334500003800359650002300397650002100420650003300441650003300474650002700507650003400534650001400568130821s1997 sp gr spa  a8674263395 aCo-BoUCMbspa00aspa aAlto Comisionado de las Naciones Unidas para los Refugiados. ACNUR03aLa situación de los refugiados en el mundo Un programa humanitariocAlto Comisionado de las Naciones Unidas para los Refugiados. ACNUR aBarcelona (España)bICARIAc1997 axviii, 326 páginas aIncluye bibliografía e índice04aCiencia política04aDerechos humanos04aDesplazados por la violencia04aEmigración e inmigración04aRefugiados políticos04aRefugiadosvAspectos sociales04aViolencia